000 00411nam a2200169Ia 4500
008 151213s9999 xx 000 0 und d
020 _a1-85836465-5
100 _aPamela Sellmon
245 _aLaw of International Trade
_cPamela Sellmon
250 _a3rd
260 _aLondon
_bOld Balley Press
_c2002
300 _a5161 p.
650 _aLaw
650 _aLaw
700 _aPamela Sellmon
999 _c3188
_d3188